[Event "4NCL-9899B IK2-SWD"]
[Site "Rd8-Birmingham"]
[Date "1999.03.21"]
[Round "8.7"]
[White "Stille, Alex"]
[Black "Roberts, David L"]
[Result "0-1"]
[WhiteElo "1872"]
[BlackElo "2195"]
[PlyCount "60"]
[EventDate "1999.03.21"]

1. e4 e5 2. Nf3 Nc6 3. d4 exd4 4. Bc4 Nf6 5. O-O Bc5 6. e5 d5 7. exf6 dxc4 8.
Re1+ Be6 9. Ng5 Qd5 10. Nc3 Qf5 11. g4 Qg6 12. Nce4 Bb6 13. fxg7 Rg8 14. Nxe6
fxe6 15. Bg5 Rxg7 16. Nf6+ Kf7 17. h4 h6 18. Qf3 hxg5 19. Nh5+ Kg8 20. Nxg7
Kxg7 21. h5 Qf6 22. Qxf6+ Kxf6 23. Re4 e5 24. a4 Bc5 25. Kg2 Rd8 26. Rae1 a6
27. c3 b5 28. cxd4 Bxd4 29. axb5 axb5 30. R1e2 Nb4 0-1

[Event "4NCL-9899B IK2-SWD"]
[Site "Rd8-Birmingham"]
[Date "1999.03.21"]
[Round "8.8"]
[White "Blackburn, Jonathan"]
[Black "Richards, Susan"]
[Result "1-0"]
[WhiteElo "1840"]
[BlackElo "1184"]
[PlyCount "85"]
[EventDate "1999.03.21"]

1. d4 Nf6 2. c4 g6 3. Nc3 Bg7 4. e4 d6 5. f3 O-O 6. Be3 e5 7. d5 Nbd7 8. Nh3 b6
9. Nf2 Nh5 10. Nd3 Nc5 11. Nb4 Qe8 12. Qd2 a5 13. Nc2 a4 14. O-O-O Nb3+ 15.
axb3 axb3 16. Na3 f5 17. Bd3 f4 18. Bf2 Bd7 19. Qe2 c6 20. dxc6 Bxc6 21. Kd2
Bf6 22. Ra1 Be7 23. Nab5 Bxb5 24. cxb5 Qd7 25. Bc4+ Kh8 26. Bd5 Rad8 27. Bxb6
Rb8 28. Ra7 Qe8 29. Bc6 Qf7 30. Nd5 Rbe8 31. Bxe8 Rxe8 32. Rxe7 Rxe7 33. Nxe7
Qxe7 34. Qc4 Qb7 35. Qc7 Qxc7 36. Bxc7 Nf6 37. Ra1 Kg8 38. b6 Nd7 39. b7 Kf7
40. Ra8 Ke7 41. Rd8 Ke6 42. Rxd7 Kxd7 43. b8=Q 1-0

[Event "4NCL-9899B NID-WG2"]
[Site "Rd8-Birmingham"]
[Date "1999.03.21"]
[Round "8.1"]
[White "Williams, Leighton"]
[Black "Law, Andrew"]
[Result "1/2-1/2"]
[WhiteElo "2285"]
[BlackElo "2328"]
[PlyCount "46"]
[EventDate "1999.03.21"]

1. c4 e5 2. Nc3 Nf6 3. g3 Bb4 4. Bg2 O-O 5. d3 Bxc3+ 6. bxc3 Re8 7. Nh3 h6 8.
O-O c6 9. d4 d6 10. f3 c5 11. d5 Nbd7 12. e4 Qa5 13. Qd3 Nb6 14. f4 exf4 15.
Bxf4 Nxe4 16. Bxe4 Bxh3 17. Rf2 Qa4 18. Qf3 Qxc4 19. Bxh6 Re7 20. Re1 f5 21.
Qh5 Rxe4 22. Rxe4 Qxe4 23. Qxh3 gxh6 1/2-1/2

[Event "4NCL-9899B NID-WG2"]
[Site "Rd8-Birmingham"]
[Date "1999.03.21"]
[Round "8.2"]
[White "Tiller, Bjorn"]
[Black "Walsh, Chris"]
[Result "1-0"]
[WhiteElo "2377"]
[BlackElo "2180"]
[PlyCount "69"]
[EventDate "1999.03.21"]

1. e4 e6 2. d3 d5 3. Nd2 Nf6 4. f4 b6 5. Ngf3 Bb7 6. e5 Nfd7 7. g3 c5 8. c4 Nc6
9. a3 Qc7 10. cxd5 exd5 11. Bg2 Be7 12. O-O O-O-O 13. b4 cxb4 14. axb4 Bxb4 15.
Ba3 Bxa3 16. Rxa3 Kb8 17. Qa1 Nc5 18. Rc1 a5 19. Nd4 Nxd4 20. Qxd4 Rc8 21. Rb1
Ne6 22. Qxb6 Qxb6+ 23. Rxb6 Rc1+ 24. Nf1 Kc7 25. Rb5 Bc6 26. Rbxa5 Rb8 27. Ra1
Rxa1 28. Rxa1 Rb3 29. Ra7+ Rb7 30. Rxb7+ Bxb7 31. Kf2 Kc6 32. Ne3 Kc5 33. Nf5
Ba6 34. Ke3 f6 35. d4+ 1-0

[Event "4NCL-9899B NID-WG2"]
[Site "Rd8-Birmingham"]
[Date "1999.03.21"]
[Round "8.3"]
[White "Oates, David"]
[Black "Norris, Alan"]
[Result "1/2-1/2"]
[WhiteElo "2180"]
[BlackElo "2332"]
[PlyCount "28"]
[EventDate "1999.03.21"]

1. c4 e6 2. g3 d5 3. Nf3 c5 4. Bg2 Nc6 5. O-O Nf6 6. cxd5 exd5 7. d4 Be7 8. Nc3
O-O 9. Bg5 cxd4 10. Nxd4 Re8 11. e3 Bg4 12. Qb3 Qd7 13. Bxf6 Bxf6 14. Qxd5 Nxd4
1/2-1/2

[Event "4NCL-9899B NID-WG2"]
[Site "Rd8-Birmingham"]
[Date "1999.03.21"]
[Round "8.4"]
[White "Lee, Graham"]
[Black "Johnston, Dafydd"]
[Result "0-1"]
[WhiteElo "2319"]
[BlackElo "2175"]
[PlyCount "72"]
[EventDate "1999.03.21"]

1. e4 c5 2. c3 e6 3. d4 d5 4. e5 Nc6 5. Nf3 Bd7 6. a3 c4 7. Bf4 Na5 8. Nbd2 Bc6
9. Qc2 Qd7 10. Rc1 Ba4 11. Qb1 O-O-O 12. Be2 Kb8 13. h4 Ka8 14. h5 f6 15. g4
Nc6 16. Bg3 fxe5 17. Nxe5 Nxe5 18. Bxe5 Bd6 19. f4 Nh6 20. O-O Bxe5 21. fxe5 g6
22. Rf6 Ng8 23. Rf2 gxh5 24. gxh5 Nh6 25. Kh1 Nf5 26. Rg1 Qe7 27. Nf1 Rdf8 28.
Rgg2 Rhg8 29. Qc1 Qh4+ 30. Rh2 Qe4+ 31. Bf3 Bc2 32. Rh3 Ng3+ 33. Nxg3 Rxf3 34.
Qxc2 Rfxg3+ 35. Kh2 Rxh3+ 36. Kxh3 Qg4+ 0-1

[Event "4NCL-9899B NID-WG2"]
[Site "Rd8-Birmingham"]
[Date "1999.03.21"]
[Round "8.5"]
[White "Fish, Andrew"]
[Black "Savage, Ben"]
[Result "1-0"]
[WhiteElo "2115"]
[BlackElo "2140"]
[PlyCount "41"]
[EventDate "1999.03.21"]

1. e4 g6 2. d4 d6 3. Nc3 c6 4. Nf3 Bg7 5. h3 Nd7 6. Be3 e5 7. Qd2 Qe7 8. O-O-O
Ngf6 9. d5 c5 10. g4 h5 11. g5 Nh7 12. Nh4 a6 13. Ne2 b5 14. Ng3 Nhf8 15. Ngf5
gxf5 16. Nxf5 Qd8 17. Nxg7+ Ke7 18. Nf5+ Ke8 19. Nxd6+ Ke7 20. Nf5+ Ke8 21.
Ng7+ 1-0

[Event "4NCL-9899B NID-WG2"]
[Site "Rd8-Birmingham"]
[Date "1999.03.21"]
[Round "8.6"]
[White "Wastney, Scott"]
[Black "Jones, Richard S"]
[Result "1/2-1/2"]
[WhiteElo "2155"]
[BlackElo "2095"]
[PlyCount "114"]
[EventDate "1999.03.21"]

1. Nf3 Nf6 2. c4 g6 3. Nc3 Bg7 4. g3 O-O 5. Bg2 d6 6. d4 Nbd7 7. O-O c6 8. h3
e5 9. e4 Qb6 10. Re1 Re8 11. d5 cxd5 12. cxd5 Nc5 13. Rb1 a5 14. Be3 Nfd7 15.
Nd2 Qc7 16. Nb5 Qb8 17. Nc4 Bf8 18. Qd2 b6 19. b4 axb4 20. Rxb4 Ba6 21. Reb1
Rc8 22. Nba3 Qa7 23. R1b2 Rab8 24. f3 Bxc4 25. Nxc4 Qa6 26. a4 Nxa4 27. Ra2 b5
28. Nb2 Rc7 29. Bf1 Qc8 30. Nxa4 bxa4 31. Rbxa4 Nb6 32. Rb4 Nc4 33. Rxb8 Qxb8
34. Bxc4 Rxc4 35. Rb2 Qc8 36. Kg2 Be7 37. Qd3 Bd8 38. Qb1 Kg7 39. h4 Ba5 40. g4
Ra4 41. Qc1 Qxc1 42. Bxc1 h5 43. gxh5 gxh5 44. Be3 Bd8 45. Bf2 Ra8 {
(Draw offer)} 46. Kg3 Kg6 47. Rc2 f5 48. exf5+ Kxf5 49. Rc6 e4 50. Rc3 Ra5 51.
Re3 Ra4 52. Kh3 Kf4 53. Rxe4+ Rxe4 54. fxe4 Kxe4 55. Bg3 Be7 56. Bxd6 Bxd6 57.
Kg2 Kf4 1/2-1/2

[Event "4NCL-9899B NID-WG2"]
[Site "Rd8-Birmingham"]
[Date "1999.03.21"]
[Round "8.7"]
[White "Davies, Chris"]
[Black "Tan, Desmond"]
[Result "0-1"]
[WhiteElo "1955"]
[BlackElo "2165"]
[PlyCount "62"]
[EventDate "1999.03.21"]

1. e4 c5 2. Nf3 d6 3. c3 Nf6 4. Be2 Nbd7 5. d3 b6 6. O-O Bb7 7. h3 g6 8. Be3
Bg7 9. Na3 O-O 10. Qd2 Ba6 11. Rfe1 Re8 12. Bh6 Bh8 13. Qe3 Bb7 14. Bd1 Ne5 15.
Nxe5 dxe5 16. Bb3 {(Draw offer)} Qc7 17. f4 exf4 18. Bxf4 Qd8 19. Rf1 Rf8 20.
Nc4 Ne8 21. Ne5 e6 22. Ng4 h5 23. Bg5 Qd7 24. Nh6+ Kh7 25. Rf3 f6 26. Raf1 Bg7
27. Bf4 Nd6 28. Rg3 c4 29. Bxd6 Qxd6 30. Bxc4 Bxh6 31. Qf3 f5 0-1

[Event "4NCL-9899B NID-WG2"]
[Site "Rd8-Birmingham"]
[Date "1999.03.21"]
[Round "8.8"]
[White "Lazhevskaya, Zhanna"]
[Black "Wilson, Julie"]
[Result "1-0"]
[WhiteElo "2046"]
[BlackElo "1685"]
[PlyCount "143"]
[EventDate "1999.03.21"]

1. e4 e6 2. d4 d5 3. Nc3 Bb4 4. e5 c5 5. a3 Bxc3+ 6. bxc3 Qc7 7. Nf3 Ne7 8. Bd3
b6 9. O-O Ba6 10. a4 Bxd3 11. Qxd3 Nbc6 12. Ba3 Ng6 13. Rfe1 O-O 14. dxc5 bxc5
15. Qe3 Rfc8 16. Qxc5 Ncxe5 17. Qxc7 Nxf3+ 18. gxf3 Rxc7 19. Re3 Rc4 20. Bd6
Rac8 21. Ra3 R8c6 22. Bb8 Rb6 23. Be5 Rb1+ 24. Kg2 Nh4+ 25. Kh3 Nf5 26. Rd3
Rh4+ 27. Kg2 Rh5 28. Bg3 Rb6 29. c4 d4 30. c3 e5 31. a5 Rf6 32. Rb3 h6 {
(Draw offer)} 33. Rb5 Re6 34. cxd4 exd4 35. Rxd4 Rxh2+ 36. Bxh2 Nxd4 37. Rb8+
Kh7 38. Rc8 a6 39. c5 Rg6+ 40. Kf1 Nxf3 41. Bd6 Nd4 42. Ra8 Nb3 43. Rxa6 Nxc5
44. Rc6 Re6 45. a6 Nxa6 46. Rxa6 h5 47. Rb6 h4 48. Bc7 Rxb6 49. Bxb6 g5 50. Kg2
f5 51. Kf3 g4+ 52. Kg2 Kg6 53. Be3 Kf6 54. Bf4 Kg6 55. Kf1 Kh5 56. Ke2 Kg6 57.
Ke3 Kh5 58. Kd4 g3 59. f3 g2 60. Bh2 h3 61. Ke5 Kg5 62. Bg1 Kh4 63. Kf4 h2 64.
Bxh2 Kh3 65. Bg1 Kh4 66. Kxf5 Kg3 67. f4 Kf3 68. Kg5 Ke4 69. f5 Ke5 70. f6 Ke6
71. Kg6 Kd7 72. f7 1-0

[Event "4NCL-9899B SL2-GD"]
[Site "Rd8-Birmingham"]
[Date "1999.03.21"]
[Round "8.1"]
[White "Smith, Andrew P"]
[Black "Jones, Iolo"]
[Result "1-0"]
[WhiteElo "2274"]
[BlackElo "2276"]
[PlyCount "151"]
[EventDate "1999.03.21"]

1. e4 e5 2. d4 exd4 3. Qxd4 Nc6 4. Qe3 Nf6 5. Bd2 Be7 6. Nc3 d5 7. exd5 Nxd5 8.
Qg3 Nxc3 9. Bxc3 Bf6 10. Bb5 O-O 11. Ne2 Bxc3+ 12. Qxc3 Qe7 13. O-O Nb4 14. Nf4
c6 15. Bc4 a5 16. a3 Na6 17. Rfe1 Qg5 18. g3 g6 19. h4 Qh6 20. Re5 Bf5 21. Rxa5
Qg7 22. Qxg7+ Kxg7 23. Bd3 Bc8 24. Re1 b6 25. Ra4 b5 26. Rd4 Ra7 27. Rd6 Rc7
28. Re5 Nb8 29. Be4 Rd7 30. Rd3 Rxd3 31. Bxd3 Nd7 32. Re3 Nc5 33. Re7 Bd7 34.
Re5 Na4 35. b3 Kf6 36. Re4 Nc5 37. Rd4 Ke7 38. b4 Nb7 39. Re4+ Kf6 40. Rd4 Ke7
41. Re4+ Kf6 42. Re3 Nd6 43. Bf1 Ra8 44. Rc3 Ra6 45. Bd3 h6 46. Ne2 Be6 47. f3
g5 48. hxg5+ hxg5 49. Kf2 Bd5 50. Ke3 Ra8 51. Nd4 Ra6 52. a4 Rxa4 53. Nxc6 Ra8
54. Rc5 Nc4+ 55. Kd4 Be6 56. Rxb5 Nb2 57. Kc5 Ra3 58. Be4 Na4+ 59. Kd4 Nc3 60.
Ra5 Ne2+ 61. Kc5 Rc3+ 62. Kd6 Nxg3 63. Rc5 Re3 64. Bd3 Nf5+ 65. Bxf5 Bxf5 66.
Nd4 Bh3 67. b5 Re8 68. Rc6 Kg7 69. b6 Rd8+ 70. Kc5 Bc8 71. Rc7 Kg6 72. Nc6 Rd2
73. c4 Be6 74. Ra7 Bxc4 75. Kxc4 Rb2 76. Nb4 1-0

[Event "4NCL-9899B SL2-GD"]
[Site "Rd8-Birmingham"]
[Date "1999.03.21"]
[Round "8.3"]
[White "Tucker, Alex"]
[Black "Heymann, Ulrike"]
[Result "1/2-1/2"]
[WhiteElo "2215"]
[BlackElo "2156"]
[PlyCount "47"]
[EventDate "1999.03.21"]

1. d4 Nf6 2. Nf3 g6 3. Nc3 Bg7 4. e4 d6 5. Be3 Bg4 6. Be2 O-O 7. O-O e5 8. dxe5
dxe5 9. Nxe5 Qxd1 10. Bxd1 Bxd1 11. Raxd1 Nxe4 12. Nxe4 Bxe5 13. Bd4 Nc6 14.
Bxe5 Nxe5 15. Rd5 Nc6 16. Rd7 Rac8 17. Rfd1 Rfd8 18. f4 Kg7 19. Nc5 Rxd7 20.
Rxd7 Nd8 21. g3 b6 22. Na6 Ne6 23. Kf2 Kf8 24. Nb4 1/2-1/2

[Event "4NCL-9899B SL2-GD"]
[Site "Rd8-Birmingham"]
[Date "1999.03.21"]
[Round "8.4"]
[White "Miles, Richard"]
[Black "O'Brien, Richard"]
[Result "1/2-1/2"]
[WhiteElo "2084"]
[BlackElo "2085"]
[PlyCount "41"]
[EventDate "1999.03.21"]

1. Nf3 d5 2. c4 d4 3. d3 c5 4. g3 Nc6 5. Bg2 e5 6. O-O Be7 7. e3 Nf6 8. exd4
exd4 9. Bf4 h6 10. Na3 O-O 11. Ne5 Nxe5 12. Bxe5 Ng4 13. Bf4 Bd6 14. Bxd6 Qxd6
15. Rb1 Ne5 16. Re1 Bg4 17. f3 Bd7 18. Nc2 Rab8 19. b4 b6 20. Qd2 f5 21. f4
1/2-1/2

[Event "4NCL-9899B SL2-GD"]
[Site "Rd8-Birmingham"]
[Date "1999.03.21"]
[Round "8.5"]
[White "Richmond, Robert"]
[Black "Borg, Andy"]
[Result "1/2-1/2"]
[WhiteElo "2112"]
[BlackElo "2151"]
[PlyCount "30"]
[EventDate "1999.03.21"]

1. d4 d5 2. c4 e6 3. Nc3 c6 4. cxd5 exd5 5. Nf3 Bd6 6. g3 Bf5 7. Bg2 h6 8. O-O
Nf6 9. a3 Nbd7 10. b4 Ne4 11. Bb2 O-O 12. Nxe4 Bxe4 13. Ne5 Bxg2 14. Kxg2 Re8
15. Nxd7 Qxd7 1/2-1/2

[Event "4NCL-9899B SL2-GD"]
[Site "Rd8-Birmingham"]
[Date "1999.03.21"]
[Round "8.6"]
[White "Fletcher, John"]
[Black "De Coverly, Roger"]
[Result "1/2-1/2"]
[WhiteElo "2100"]
[BlackElo "2110"]
[PlyCount "132"]
[EventDate "1999.03.21"]

1. d4 d5 2. e4 dxe4 3. Nc3 e5 4. Qh5 Nf6 5. Qxe5+ Be7 6. Bb5+ Nbd7 7. Qg3 O-O
8. Nge2 Nb6 9. Nf4 Qxd4 10. Be3 Qe5 11. O-O-O Bc5 12. Bxc5 Qxc5 13. Rhe1 Bf5
14. Qh4 c6 15. Be2 Nbd5 16. Nfxd5 Nxd5 17. Nxd5 cxd5 18. Qf4 Rac8 19. Rd2 d4
20. Bd1 Bg6 21. h4 f5 22. g4 fxg4 23. Qxg4 Bf5 24. Qg5 Qa5 25. Rg1 g6 26. a3
Qd8 27. Qf4 Qf6 28. h5 Rcd8 29. hxg6 Bxg6 30. Qc7 Rf7 31. Qc4 Kg7 32. Bh5 Rfd7
33. Qe2 Re7 34. Qc4 Qe5 35. Bxg6 hxg6 36. Rgd1 Red7 37. Qb4 Qd6 38. Qc4 Qd5 39.
Qxd5 Rxd5 40. Re1 Re5 41. Red1 Red5 42. Re1 Re8 43. Rde2 Rc8 44. Rxe4 d3 45.
Kb1 Rxc2 46. Re7+ Kf6 47. Rxb7 a5 48. f4 Rf2 49. b4 axb4 50. Rxb4 Kf5 51. Rb8
Kxf4 52. a4 g5 53. Rb5 Rd4 54. a5 d2 55. Rd1 Ke3 56. a6 Rff4 57. Rxg5 Rb4+ 58.
Ka2 Ke2 59. Rh1 Ra4+ 60. Kb2 Rxa6 61. Re5+ Kd3 62. Rd5+ Rd4 63. Rh3+ Kc4 64.
Rxd4+ Kxd4 65. Kc2 Ra2+ 66. Kd1 Ke4 1/2-1/2

[Event "4NCL-9899B SL2-GD"]
[Site "Rd8-Birmingham"]
[Date "1999.03.21"]
[Round "8.7"]
[White "Mashayekh, Majid"]
[Black "Walden-Jones, Andrew"]
[Result "0-1"]
[WhiteElo "2065"]
[BlackElo "2090"]
[PlyCount "79"]
[EventDate "1999.03.21"]

1. d4 Nf6 2. c4 e6 3. Nf3 Be7 4. Bg5 d5 5. Nc3 O-O 6. Qc2 Na6 7. a3 h6 8. Bh4
c6 9. cxd5 cxd5 10. e3 Bd7 11. Ne5 Nb8 12. Bd3 Nc6 13. Nxd7 Qxd7 14. O-O Rac8
15. Rac1 a6 16. Qe2 Na5 17. f4 Nc4 18. Rf3 Nd6 19. Bxf6 Bxf6 20. Rh3 Bd8 21. g4
f5 22. Rg3 Ne4 23. Bxe4 fxe4 24. g5 hxg5 25. fxg5 g6 26. Qg4 Rf5 27. h4 Qf7 28.
Qe2 Bc7 29. Rg2 Rf8 30. h5 gxh5 31. g6 Qe7 32. Nd1 Rf3 33. Nf2 Bg3 34. Nh1 h4
35. Nxg3 hxg3 36. g7 Qxg7 37. Qe1 Qg5 38. Rc3 Qh4 39. Rcc2 Kg7 40. Rce2 0-1

[Event "4NCL-9899B SL2-GD"]
[Site "Rd8-Birmingham"]
[Date "1999.03.21"]
[Round "8.8"]
[White "White, Ian"]
[Black "Ghasi, Ameet"]
[Result "0-1"]
[WhiteElo "1970"]
[BlackElo "1848"]
[PlyCount "88"]
[EventDate "1999.03.21"]

1. e4 c5 2. c3 Nf6 3. e5 Nd5 4. d4 cxd4 5. cxd4 e6 6. Nf3 b6 7. Nc3 Nxc3 8.
bxc3 Qc7 9. Bd2 Bb7 10. Bd3 d6 11. O-O Nd7 12. Re1 dxe5 13. Nxe5 Nxe5 14. Rxe5
Bd6 15. Rh5 g6 16. Rh3 Qc6 17. Qf1 a6 18. c4 O-O 19. f3 Be7 20. Qf2 Bf6 21. Bc3
Qc7 22. Qe3 Bg7 23. g4 b5 24. c5 Rfe8 25. Be4 Rad8 26. Rd1 Bd5 27. Qf2 Qe7 28.
Kg2 Bf6 29. Qe3 Bg7 30. Rd2 Qd7 31. f4 f5 32. gxf5 exf5 33. Bxd5+ Qxd5+ 34. Qf3
Re4 35. Kg1 b4 36. Bxb4 Bxd4+ 37. Kg2 Rc8 38. Rc2 Kg7 39. a3 Bxc5 40. Bxc5 Rxc5
41. Rb2 Qc6 42. Rd2 Rc2 43. Rxc2 Qxc2+ 44. Kf1 Qc1+ 0-1

[Event "4NCL-9899B WR-BIG2"]
[Site "Rd8-Birmingham"]
[Date "1999.03.21"]
[Round "8.1"]
[White "Dunnington, Angus"]
[Black "Collinson, Adam"]
[Result "1/2-1/2"]
[WhiteElo "2358"]
[BlackElo "2405"]
[PlyCount "36"]
[EventDate "1999.03.21"]

1. d4 Nf6 2. Nf3 g6 3. Nc3 d5 4. Bf4 Bg7 5. e3 O-O 6. Be2 c5 7. Ne5 Nc6 8. O-O
cxd4 9. exd4 Qb6 10. Nxc6 bxc6 11. Na4 Qa5 12. c3 Nd7 13. b4 Qd8 14. Qd2 e5 15.
dxe5 Nxe5 16. Bh6 Bxh6 17. Qxh6 Re8 18. Qd2 Bf5 1/2-1/2

[Event "4NCL-9899B WR-BIG2"]
[Site "Rd8-Birmingham"]
[Date "1999.03.21"]
[Round "8.2"]
[White "Baker, Chris W"]
[Black "Dearing, Eddie"]
[Result "1/2-1/2"]
[WhiteElo "2390"]
[BlackElo "2281"]
[PlyCount "59"]
[EventDate "1999.03.21"]

1. d4 d5 2. Nf3 Nf6 3. Bg5 Ne4 4. Bh4 c5 5. c3 cxd4 6. cxd4 Nc6 7. Nc3 g6 8. e3
Nxc3 9. bxc3 Bg7 10. Be2 O-O 11. O-O b6 12. Nd2 Bb7 13. Bf3 Rc8 14. Rc1 Na5 15.
c4 dxc4 16. Bxb7 Nxb7 17. Nxc4 Nd6 18. Nxd6 Qxd6 19. Qa4 a5 20. Qb5 e6 21. Bg3
Qa3 22. Bc7 Qxa2 23. Qxb6 a4 24. Ra1 Qb3 25. Qd6 Rfe8 26. Rfb1 Qc3 27. Rc1 Qd2
28. Rd1 Qc2 29. Rdc1 Qd2 30. Rd1 1/2-1/2

[Event "4NCL-9899B WR-BIG2"]
[Site "Rd8-Birmingham"]
[Date "1999.03.21"]
[Round "8.3"]
[White "Potts, Alan"]
[Black "Barnes, Michael"]
[Result "1/2-1/2"]
[WhiteElo "2270"]
[BlackElo "2245"]
[PlyCount "55"]
[EventDate "1999.03.21"]

1. e4 c5 2. Nf3 g6 3. d4 cxd4 4. Nxd4 Bg7 5. Nc3 Nc6 6. Be3 Nf6 7. Bc4 O-O 8.
Bb3 Ng4 9. Qxg4 Nxd4 10. O-O-O d6 11. Qh4 Nxb3+ 12. axb3 Be6 13. Bh6 Rc8 14.
Bxg7 Kxg7 15. Rd3 Qa5 16. Rhd1 f6 17. f4 Rc5 18. f5 g5 19. Qf2 Bf7 20. Qd4 Qa1+
21. Nb1 Rfc8 22. Rc3 Rxc3 23. bxc3 Qa5 24. Kb2 a6 25. Rd3 Qe5 26. Qxe5 fxe5 27.
c4 Rc6 28. Nc3 1/2-1/2

[Event "4NCL-9899B WR-BIG2"]
[Site "Rd8-Birmingham"]
[Date "1999.03.21"]
[Round "8.4"]
[White "Thomas, Nick"]
[Black "Gayson, Peter"]
[Result "1/2-1/2"]
[WhiteElo "2225"]
[BlackElo "2250"]
[PlyCount "133"]
[EventDate "1999.03.21"]

1. e4 c5 2. Nc3 e6 3. g3 d5 4. exd5 exd5 5. Bg2 Nf6 6. d3 d4 7. Ne4 Be7 8. Ne2
O-O 9. O-O Nc6 10. Nf4 Bf5 11. Nxf6+ Bxf6 12. Nd5 Be6 13. Nxf6+ Qxf6 14. Qh5
Qf5 15. Qxf5 Bxf5 16. Bxc6 bxc6 17. Bf4 c4 18. Rfe1 Rfe8 19. Re5 Rxe5 20. Bxe5
Rd8 21. Rd1 f6 22. Bc7 Rd7 23. Ba5 Rd5 24. Bc7 Rd7 25. Ba5 cxd3 26. cxd3 Re7
27. Kg2 Re2 28. Rd2 Rxd2 29. Bxd2 Bxd3 30. Bb4 Be2 31. f3 Kf7 32. Kf2 d3 33.
Ke3 Ke6 34. Bf8 g5 35. Bb4 f5 36. Bc3 Kd5 37. Bf6 g4 38. f4 c5 39. Bc3 Kc4 40.
Kd2 Kd5 41. Ke3 h5 42. a3 Ke6 43. Bd2 Kf7 44. Bc3 h4 45. Be5 hxg3 46. hxg3 Ke6
47. Bc3 Kd5 48. Bd2 Kc4 49. Bc3 Kb3 50. Kd2 a5 51. Be5 a4 52. Bc3 Kc4 53. Ke3
Kd5 54. Bd2 Bf1 55. Bc3 {(Draw offer)} Kc4 56. Kd2 Bg2 57. Ke3 Bc6 58. Kd2 Bb5
59. Ke3 Kd5 60. Ba5 Ba6 61. Bc3 Kc4 62. Kd2 Kb3 63. Be5 Kc4 64. Bc3 Bb5 65. Ke3
Kd5 66. Ba5 c4 67. Bc3 1/2-1/2

[Event "4NCL-9899B WR-BIG2"]
[Site "Rd8-Birmingham"]
[Date "1999.03.21"]
[Round "8.5"]
[White "Townsend, M Paul"]
[Black "Dighton, Simon"]
[Result "0-1"]
[WhiteElo "2225"]
[BlackElo "2235"]
[PlyCount "92"]
[EventDate "1999.03.21"]

1. d4 Nf6 2. c4 e6 3. Nc3 Bb4 4. e3 O-O 5. Bd3 d5 6. Nf3 dxc4 7. Bxc4 Nc6 8.
Bb5 Ne7 9. a3 Bxc3+ 10. bxc3 c5 11. O-O Qa5 12. Qd3 a6 13. Bc4 b5 14. Ba2 Bb7
15. Ne5 Rac8 16. Bb2 cxd4 17. exd4 Bd5 18. Bb1 Be4 19. Qh3 Bxb1 20. Rfxb1 Ned5
21. a4 Qc7 22. axb5 axb5 23. Rc1 Nb6 24. Ba3 Rfd8 25. Rab1 Nc4 26. Nxc4 Qxc4
27. Qf3 Nd5 28. Bc5 Ra8 29. h4 Ra2 30. h5 h6 31. Qg3 Qe2 32. Qf3 Qc4 33. Qg3
Rda8 34. Bb4 Qe2 35. Qh4 Rb2 36. Rxb2 Qxb2 37. Re1 Nxb4 38. cxb4 Qxb4 39. Qe4
Rd8 40. Rd1 Qb3 41. Rc1 Qd5 42. Qe2 b4 43. Rb1 b3 44. Qe3 Rb8 45. Qc3 Qxh5 46.
Qc7 Qb5 0-1

[Event "4NCL-9899B WR-BIG2"]
[Site "Rd8-Birmingham"]
[Date "1999.03.21"]
[Round "8.6"]
[White "Evans, Raymond"]
[Black "Barrett, Stephen"]
[Result "1-0"]
[WhiteElo "2159"]
[BlackElo "2202"]
[PlyCount "69"]
[EventDate "1999.03.21"]

1. e4 c5 2. Nf3 e6 3. d4 cxd4 4. Nxd4 Nf6 5. Nc3 d6 6. f4 Nc6 7. Be3 e5 8. Nxc6
bxc6 9. f5 Qa5 10. Qf3 Rb8 11. Bd2 Qb6 12. Rb1 Be7 13. Bd3 O-O 14. Be3 Qa5 15.
O-O d5 16. Bf2 Bb7 17. a3 Bc5 18. b4 Bxf2+ 19. Qxf2 Qb6 20. Rbe1 Nd7 21. Na4
Qc7 22. Nc5 d4 23. Nxd7 Qxd7 24. f6 g6 25. Qd2 Kh8 26. Qh6 Rg8 27. Rf3 Bc8 28.
Rh3 Qxh3 29. gxh3 Be6 30. Qg5 Bxh3 31. Qxe5 Rge8 32. Qxd4 Rbd8 33. Qxa7 Re5 34.
Qxf7 Rg5+ 35. Kf2 1-0

[Event "4NCL-9899B WR-BIG2"]
[Site "Rd8-Birmingham"]
[Date "1999.03.21"]
[Round "8.7"]
[White "Forbes, Cathy"]
[Black "Hadzimanolis, Antonis"]
[Result "0-1"]
[WhiteElo "2104"]
[BlackElo "2190"]
[PlyCount "72"]
[EventDate "1999.03.21"]

1. d4 Nf6 2. Nf3 c5 3. c3 g6 4. Nbd2 cxd4 5. cxd4 d5 6. e3 Bg7 7. Be2 O-O 8.
Ne5 Ne8 9. f4 f6 10. Nd3 Nd6 11. Qb3 e6 12. O-O Nc6 13. Bf3 Qe7 14. g4 Bd7 15.
Nc5 b6 16. Nxd7 Qxd7 17. a3 {(Draw offer)} Rac8 18. Qd3 Rc7 19. b3 f5 20. Bb2
Ne4 21. b4 Nd6 22. Rac1 Rfc8 23. h3 Bf8 24. Be2 b5 25. h4 a5 26. bxa5 Nxa5 27.
Rxc7 Rxc7 28. Bc3 Nac4 29. Bb4 Ne4 30. Nxe4 fxe4 31. Qb3 Bxb4 32. Qxb4 Nxe3 33.
Bxb5 Qd8 34. g5 Nxf1 35. Bxf1 Rc1 36. Kf2 Qc7 0-1

[Event "4NCL-9899B WR-BIG2"]
[Site "Rd8-Birmingham"]
[Date "1999.03.21"]
[Round "8.8"]
[White "Bhatia, Kanwal"]
[Black "Jones, Gawain"]
[Result "1-0"]
[WhiteElo "1864"]
[BlackElo "1856"]
[PlyCount "133"]
[EventDate "1999.03.21"]

1. e4 c5 2. c3 d5 3. exd5 Qxd5 4. d4 Nf6 5. Nf3 Bg4 6. Be2 e6 7. Be3 cxd4 8.
cxd4 Nc6 9. O-O Be7 10. Nc3 Qd8 11. Re1 O-O 12. h3 Bh5 13. Qd2 Rc8 14. Rad1 Nd5
15. Rc1 Bxf3 16. Bxf3 Nxe3 17. fxe3 h6 18. a3 Na5 19. Qe2 Bh4 20. Rf1 Qe7 21.
Ne4 Nc6 22. Rc3 Kh8 23. Nc5 Bf6 24. Rd3 Rfd8 25. Ne4 Bh4 26. Qd2 f5 27. Nc3 e5
28. Bxc6 e4 29. Nd5 Qf7 30. Rc3 bxc6 31. Nb4 c5 32. Qc1 a5 33. Na6 c4 34. Nc5
Qd5 35. Rxc4 Bg5 36. b3 Rf8 37. Qe1 a4 38. Rxa4 Rxc5 39. dxc5 Qxc5 40. Rc4 Qxa3
41. Qc3 Qa7 42. Kh1 Bf6 43. Qc1 Qd7 44. Rd1 Qb7 45. b4 Bg5 46. Qc3 Qb6 47. Rc7
Qg6 48. b5 Bf6 49. Qc6 Qg3 50. Qc5 Rg8 51. Rd5 Qe1+ 52. Kh2 Bh4 53. Qd6 Qxe3
54. Rxf5 Qe1 55. Qg6 Bf2 56. Rxf2 Qxf2 57. Qxe4 Qb2 58. Qd5 Qf2 59. Rf7 Qe3 60.
Qd6 Qb3 61. Rf5 Ra8 62. b6 Ra2 63. Qg6 Qg8 64. Rf7 Qb8+ 65. Rc7 Qf8 66. b7 Rd2
67. b8=Q 1-0

[Event "4NCL-9899B BCCA-SL2"]
[Site "Rd9-Birmingham"]
[Date "1999.05.01"]
[Round "9.1"]
[White "Carleton, John"]
[Black "Houska, Jovanka"]
[Result "0-1"]
[WhiteElo "2280"]
[BlackElo "2286"]
[PlyCount "130"]
[EventDate "1999.05.01"]

1. e4 d5 2. exd5 Qxd5 3. Nc3 Qa5 4. g3 Nf6 5. Bg2 c6 6. Nf3 Bg4 7. h3 Bh5 8. d3
e6 9. Bd2 Nbd7 10. Qe2 Be7 11. O-O-O O-O-O 12. Kb1 Qc7 13. g4 Bg6 14. Nh4 Nb6
15. f4 Nfd5 16. Nxg6 hxg6 17. Rhf1 Nxc3+ 18. Bxc3 Bf6 19. Ba5 Bxb2 20. c3 Ba3
21. Qc2 Qe7 22. Qb3 Rd5 23. Bxd5 Nxd5 24. Rf3 Qc5 25. c4 Qxa5 26. cxd5 Qxd5 27.
Qxd5 exd5 28. Re1 Kd7 29. f5 gxf5 30. Rxf5 f6 31. g5 Be7 32. Re3 b6 33. Kc2 Kd6
34. g6 Rh6 35. Rf2 Rxg6 36. Rfe2 Bd8 37. Re8 Kd7 38. Rf8 f5 39. Rxf5 Bf6 40. h4
Bxh4 41. Rf7+ Kd6 42. Rxa7 Rg1 43. a4 Bf6 44. a5 bxa5 45. Rxa5 Ra1 46. Rxa1
Bxa1 47. Kd2 Bd4 48. Re8 c5 49. Ke2 Kd7 50. Ra8 Bf6 51. Ra7+ Kd6 52. Ra4 Ke5
53. Kf3 Bg5 54. Rg4 Bh6 55. Ra4 Bd2 56. Rg4 g5 57. Ra4 Bb4 58. Ra8 Bd2 59. Rg8
c4 60. dxc4 dxc4 61. Rd8 c3 62. Rc8 Kd4 63. Rd8+ Kc4 64. Ke2 Bf4 65. Kd1 Kb3
0-1

[Event "4NCL-9899B BCCA-SL2"]
[Site "Rd9-Birmingham"]
[Date "1999.05.01"]
[Round "9.2"]
[White "Wells, Noemi"]
[Black "Toothill, John"]
[Result "0-1"]
[WhiteElo "2150"]
[BlackElo "2225"]
[PlyCount "40"]
[EventDate "1999.05.01"]

1. e4 e5 2. Nf3 Nc6 3. Bc4 Nf6 4. Ng5 d5 5. exd5 Na5 6. Bb5+ c6 7. dxc6 bxc6 8.
Be2 h6 9. Nf3 e4 10. Ne5 Bd6 11. d4 Qc7 12. f4 exf3 13. Bxf3 Ba6 14. Kf2 O-O-O
15. Qe1 Rhe8 16. Qc3 Rxe5 17. dxe5 Bxe5 18. Qa3 Bd4+ 19. Be3 Qf4 20. Qxa5 Ng4+
0-1